00342nam a2200121Ia 4500008004100000020001500041041000800056082001500064100001900079245008100098260003200179300000900211240624s2007 xx und d a8189902199 aeng a613.7bZEI aZEIGLER, EARLE aPROFESSIONAL AND SCHOLARLY FOUNDATIONS OF PHYSICAL EDUCATION AND KINESIOLOGY aNew DelhibSPORTS PUBc2007 a415P